| 000 -LEADER |
| fixed length control field |
00722nam a2200229Ia 4500 |
| 001 - CONTROL NUMBER |
| control field |
7757 |
| 003 - CONTROL NUMBER IDENTIFIER |
| control field |
GE_BSU |
| 005 - DATE AND TIME OF LATEST TRANSACTION |
| control field |
20220926103547.0 |
| 008 - FIXED-LENGTH DATA ELEMENTS--GENERAL INFORMATION |
| fixed length control field |
181216s2009en xx |||||||||||||| ||eng|| |
| 020 ## - INTERNATIONAL STANDARD BOOK NUMBER |
| International Standard Book Number |
9781401842505 |
| 040 ## - CATALOGING SOURCE |
| Transcribing agency |
GE_BSU |
| 041 ## - LANGUAGE CODE |
| Language code of text/sound track or separate title |
eng |
| 080 ## - UNIVERSAL DECIMAL CLASSIFICATION NUMBER |
| Universal Decimal Classification number |
72+620 L-69 |
| 100 ## - MAIN ENTRY--PERSONAL NAME |
| Personal name |
Lieu,Dennis K. |
| 9 (RLIN) |
14762 |
| 245 #4 - TITLE STATEMENT |
| Title |
The fundamentals of vizualization, modeling,and graphics for engineering design / |
| Statement of responsibility, etc. |
Dennis K. Lieu, Sorby, Sheryl. |
| 264 ## - PRODUCTION, PUBLICATION, DISTRIBUTION, MANUFACTURE, AND COPYRIGHT NOTICE |
| Place of production, publication, distribution, manufacture |
New Yorkn: |
| Name of producer, publisher, distributor, manufacturer |
Delmar, |
| Date of production, publication, distribution, manufacture, or copyright notice |
2009. |
| 300 ## - PHYSICAL DESCRIPTION |
| Extent |
29 cm. |
| Other physical details |
CD-Rom |
| 653 ## - INDEX TERM--UNCONTROLLED |
| keyword |
The fundamentals of vizualization |
| 653 ## - INDEX TERM--UNCONTROLLED |
| keyword |
ვიზუალიზაციის საფუძვლები |
| 700 ## - ADDED ENTRY--PERSONAL NAME |
| Personal name |
Sheryl, Sorby |
| 9 (RLIN) |
14763 |
| 942 ## - ADDED ENTRY ELEMENTS (KOHA) |
| Koha item type |
წიგნი |
| Source of classification or shelving scheme |
|